000 00730nam a2200289Ia 4500
005 20260324114658.0
008 008 260324s9999 xx 000 0 eng d
020 _a9781003121626
037 _aEBOOK
040 _aCRL
040 _beng
040 _cCRL
041 _2eng
041 _aeng
084 _qCRL
100 _aGhous Bakhsh Narejo; Biswaranjan Acharya; Ranjit Singh Sarban Singh; Fatma Newagy
_91151730
245 0 _aMicrogrids
245 0 _bDesign, Challenges, and Prospects
260 _bTaylor and Francis
260 _c2021
365 _a
365 _b355
856 _uhttp://www.taylorfrancis.com/books/9781003121626
942 _cEBOOK
999 _c1742051
_d1742051